00830cam a22002531 4500001001300000003000400013005001700017008004100034010001700075035001800092040001800110042001200128050001500140100001900155245009700174250001500271260004900286300001800335490003200353500012200385504003800507650001400545999001700559sa 68018136 DLC20260227112709.0721117s1965 xx 000 0 ind  asa 68018136  a(OCoLC)497875 aDLCcOAUdDLC apremarc00aBL50b.A551 aAli, A. Mukti.10aIlmu perbandingan agama (sebuah pembahasan tentang methodos dan sistima)coleh A. Mukti Ali. a[Tjet. 1.] aJogjakarta,bPenerbit P. T. al-Falah,c1965. a47 p.c20 cm.0 aRisalah ilmijah Islamijah 1 a"Uraian jang diutjapkan pada dies natalis ke IV Institut Agama Islam Negeri, al-Djamiʹah al-Islamijah al-Hukumijah." aIncludes bibliography references. 0aReligion. c88197d88197